000 00407nam a2200157Ia 4500
003 Ost
005 20260225132538.0
008 260225s9999||||xx |||||||||||||| ||und||
040 _cfsic
041 _afre
082 _a303.48
100 _aSous-dir Frank beau philippe dubois
_eAuteur
245 0 _aCinéma et derniéres technologies /
245 0 _cSous-dir Frank beau philippe dubois
942 _cكتاب
999 _c33360
_d33360